Egység és harmónia

Bibliographic Details
Main Authors: Póda, Erzsébet, 1965- (Author, Interviewer), Néma, László 1964- (Author)
Format: Article
Language:Hungarian
Slovak
PhysicalDescription:Fotogr.
ISSN:1335-938X
Subjects:

MARC

LEADER 00000nab a2200000 ar4500
001 vtls008420523
003 SK-MaSNL
005 20260319070515.0
008 051110c2005 xo |||||| | 000 b|hun
015 |a SNBRB2005/11  |2 snkbucl 
038 |a SNKBUCL 
040 |a DSZK  |b slo  |c DSZK  |e AACR2 
041 0 |a slo 
044 |a xo  |c SK 
080 |a 070-051  |2 UDC-MRF-SK2 
080 |a 929 Néma, László  |2 UDC-MRF-SK2 
100 1 |a Póda, Erzsébet,  |d 1965-  |4 ivr  |4 aut  |9 340268 
245 1 0 |a Egység és harmónia  |c Póda Erzsébet, Néma László 
300 |b Fotogr. 
600 1 7 |a Néma, László  |d 1964-  |2 snkbucl  |9 890603 
700 1 |a Néma, László  |d 1964-  |4 ive  |4 aut  |9 890603 
773 0 |t Új nő  |g Sz. 9 (2005), o. 39  |x 1335-938X 
852 |a SNK  |b KIS3GCP 
852 |a DSZK  |b KIS3GCP 
958 |a HU 
958 |a BX 
999 |c 1771113  |d 1773043